003450000a2200109000450024500470000065000100004765000310005765100620008804100130015010000200016377300520018310aOn various South American poeciliid fishes14aPeces14aExpediciones científicas 4lRío Magdalena, Cauca, Dagua, San Juan, AtratopColombia0 aInglés1 aHenn, Arthur W.1 tAnnals of the Carnegie Museumh17q93d1916g10